| 000 | 04299nkm0a2200457 4500 | ||
|---|---|---|---|
| 001 | RU\NLR\BIBL_A\010766293 | ||
| 005 | 20260408115737.0 | ||
| 035 | _a(NLR Aleph) 010766293 | ||
| 090 |
_a13491146 _c13491146 |
||
| 100 | _a20251214 rusy50 | ||
| 101 | 0 | _arus | |
| 102 | _aRU | ||
| 116 | _aiiycxx bf zz | ||
| 135 | _acrcn 024anaba | ||
| 200 | 1 |
_aВсегда впереди всех! Первоклассная американская пишущая машина настоящая "Ундервуд" _bИзоматериал _eединственный представитель для всей России Г. Герлях _e[календарная стенка] |
|
| 210 |
_aС.П.Б. [Санкт-Петербург] _cТ. Киббель _d[между 1900 и 1914] |
||
| 215 |
_a1 л. _cхромолитогр. _d39,6х18,3 |
||
| 300 | _aНа месте для прикрепления отрывного календаря текст: С Новым годом! | ||
| 316 |
_aЭкз. РНБ на шифре Э Пр.гр./К171-Ис582, Эаф14691: 36,7х17,7 см. Обрезан по изобр. _5NLR: Э Пр.гр./К171-Ис582 |
||
| 325 | 1 | _aКопия доступна в электронной библиотеке РНБ | |
| 540 | 1 | _aПишущая машинка "Ундервуд" | |
| 540 | 1 | _aС Новым годом! | |
| 606 | 1 |
_aКалендарные стенки _92185775 _3RU\NLR\AUTH\6601550393 |
|
| 606 | 1 |
_aПишущие машины _jКалендарные стенки _9887593 _3RU\NLR\AUTH\6689 |
|
| 610 | 0 | _aРекламные изоиздания | |
| 620 | _dСанкт-Петербург | ||
| 686 | 1 | _aЩ150.489 | |
| 712 | 0 | 0 |
_4650 _4610 _aКиббель, _gТеодор Теодорович, _hхромолитография и картонажная фабрика _cПетербург _3RU\NLR\AUTH\880382193 _9430653 |
| 712 | 0 | 2 |
_4570 _a"Ундервуд", фирма _cНью-Йорк _3RU\NLR\AUTH\889943820 _9382830 |
| 712 | 0 | 2 |
_4570 _aФабрика геодезических и чертежных инструментов Г. Герляха _cВаршава _9443117 _3RU\NLR\AUTH\880388529 |
| 830 | _a"Фирма Г. Герлях основана в городе Варшаве, в 1816 году, где у неё имеется фабрика математических и геодезических инструментов, за изготовление которых представитель фирмы удостоился получения Государственного Герба и ордена Святой Анны третьей степени. В начале 1900 г. Г. Герлях принял на себя представительство завода «Ундервуд» в Нью-Йорке для всей России. Распространение машин «Ундервуд» идет весьма успешно, особенно в Санкт-Петербурге, где в течение 3-х лет продано более 1000 машин в одних только учреждениях" (Вестник № 11 Первой всероссийской выставки монастырских работ и церковной утвари. Дата: 8-го Апреля 1904 г. http://pravoslavie-expo.ru/history/detail.php?ID=464, 26.05.2015). А.Я. ОЭст | ||
| 830 | _aГраницы датировки календарной стенки: 1900 - по году, когда Г. Герлях принял на себя представительство завода "Ундервуд"; 1914 - по использованию названия "С-Петербург". А.Я. ОЭст | ||
| 856 | 0 | _uhttp://vivaldi.nlr.ru/lt000070154/view | |
| 856 | 1 | _uhttp://vivaldi.nlr.ru/lt000070154/cover | |
| 856 | 2 | _uhttp://vivaldi.nlr.ru/lt000070154/text | |
| 901 | _eИзографические материалы | ||
| 942 | _cVISUAL | ||
| 980 | _aNB | ||
| 981 | 1 | 7 |
_a(17) Изографические материалы _b(17) Эстампы |